|
|
|
|
| LEADER |
00000nam a22000007a 4500 |
| 005 |
20191009002159.0 |
| 007 |
cr|||| |||| |
| 008 |
191009s2019 co |||||s|||| 00||0 spa d |
| 020 |
|
|
|a 9786139435692
|
| 035 |
|
|
|a 29565
|
| 040 |
|
|
|a vLex
|
| 090 |
|
|
|c 9744
|d 9744
|
| 100 |
1 |
|
|a Torres Cano, Lorena Shirley
|
| 245 |
1 |
0 |
|a Gestin̤ contractual de las entidades pb︢licas en Colombia
|h [Recurso electrn̤ico] /
|c Lorena Shirley Torres Cano
|
| 256 |
|
|
|a Servicio en ln̕ea
|
| 260 |
|
|
|a Bogot:̀
|b Editorial Acadm̌ica Espaǫla,
|c 2019
|
| 300 |
|
|
|a 1 recurso electrn̤ico
|
| 500 |
|
|
|a La ley, la doctrina y la jurisprudencia han reconocido la contratacin̤ estatal como un asunto de estrategia para el Estado Colombiano, sin embargo el ejercicio contractual de los recursos pb︢licos, principalmente de las entidades pb︢licas del orden territorial denominados municipios, han presentado falencias y deficiencias, que han conllevado a la estigmatizacin̤ de la funcin̤ pb︢lica que cumplen funcionarios y contratistas del Estado. En el ensayo se analizan algunas de las situaciones que posiblemente causan fallas en la planeacin̤ estratǧica de la contratacin̤ pb︢lica de los municipios, y se plantea la necesidad de adaptar procesos y procedimientos tanto de estructuracin̤, como de acompaąmiento, seguimiento, auditora̕ y control, en los que todos los partc̕ipes apoyan la construccin̤ de estrategias efectivas y eficaces para la consecucin̤ de los fines del estado, y la optimizacin̤ de la planeacin̤ estratǧica de las entidades pb︢licas Colombianas.
|
| 506 |
1 |
|
|a Disponible solo en los productos indicados
|d vLex Global
|d vLex Global (Academic Edition, excluding Law Schools)
|d vLex Global (U.S. Academic Edition, Law Schools)
|d vLex Global (U.S. Academic Edition, excluding Law Schools)
|d vLex Global (Academic Edition, Law Schools)
|
| 650 |
0 |
4 |
|a Derecho Pb︢lico y Administrativo
|z Colombia
|
| 740 |
0 |
|
|a vLex Libros (Servicio en ln̕ea)
|
| 856 |
4 |
0 |
|u http://vlex.com/source/29565
|z Acceso restringido
|
| 942 |
|
|
|c BOOK
|
| 999 |
0 |
|
|a Public and Administrative Law
|